[Event "15th EUR-ch (w)"]
[Site "Plovdiv BUL"]
[Date "2014.07.07"]
[Round "2.1"]
[White "Gvetadze, Sopio"]
[Black "Dzagnidze, Nana"]
[Result "0-1"]
[WhiteElo "2356"]
[BlackElo "2541"]
[EventDate "2014.07.06"]
[PlyCount "98"]

1.e4 c5 2.Nf3 d6 3.d4 cxd4 4.Nxd4 Nf6 5.Nc3 a6 6.Be2 e5 7.Nb3 Be7 8.O-O 
O-O 9.Re1 Be6 10.Bf3 Nbd7 11.a4 b6 12.Nd2 Qc7 13.Nf1 Rfc8 14.Ne3 g6 15.g4 
Ra7 16.g5 Ne8 17.Ng4 Qd8 18.h4 Rac7 19.Be3 Rxc3 20.bxc3 Rxc3 21.Bd2 Rc8 
22.Nh6+ Kg7 23.Bg4 Bxg4 24.Qxg4 Rc4 25.Re3 Nc5 26.Qe2 Rxc2 27.Qd1 Rxd2 28.
Qxd2 Bxg5 29.hxg5 Qxg5+ 30.Kf1 Qxh6 31.Rd1 Nxe4 32.Qd3 Qh1+ 33.Ke2 Qh5+ 
34.Ke1 Nc5 35.Qd5 Qg4 36.a5 bxa5 37.Qc6 Qb4+ 38.Rd2 Kf8 39.Qd5 Kg7 40.Kf1 
Qb1+ 41.Rd1 Qc2 42.Rf3 Ne6 43.Re1 Qc7 44.Rb1 Nf6 45.Qa8 Qc4+ 46.Kg1 Nf4 
47.Qd8 Qe4 48.Rb8 Qe1+ 49.Kh2 Ng4+ 0-1

[Event "15th EUR-ch (w)"]
[Site "Plovdiv BUL"]
[Date "2014.07.07"]
[Round "2.2"]
[White "Muzychuk, Maria"]
[Black "Ohme, Melanie"]
[Result "1-0"]
[WhiteElo "2521"]
[BlackElo "2352"]
[EventDate "2014.07.06"]
[PlyCount "233"]

1.e4 c5 2.Nf3 d6 3.d4 cxd4 4.Nxd4 Nf6 5.Nc3 Nc6 6.Bg5 e6 7.Qd2 Qb6 8.Nb3 
Be7 9.Bxf6 gxf6 10.a4 a6 11.a5 Qc7 12.Na4 Bd7 13.Nb6 Rd8 14.Be2 O-O 15.O-O
Kh8 16.Qc3 Qb8 17.f4 Na7 18.f5 Bb5 19.Bxb5 Nxb5 20.Qh3 Nc7 21.fxe6 fxe6 
22.Kh1 d5 23.exd5 Nxd5 24.Qxe6 Rd6 25.Qe4 Nxb6 26.Qxe7 Nd5 27.Qe1 Re8 28.
Qf2 Ne3 29.Rfe1 Rde6 30.h3 Qe5 31.c3 Qg5 32.Nd4 Re4 33.Re2 f5 34.Rae1 f4 
35.b4 Qd5 36.Qh4 Qd6 37.Qh5 Qc7 38.Qc5 Qg7 39.Qh5 Qc7 40.Qc5 Qg7 41.Nf3 
Rg8 42.Rd2 Rc4 43.Qe5 Rxc3 44.Rd7 Qxe5 45.Nxe5 Rg7 46.Nf7+ Kg8 47.Nh6+ Kf8
48.Rd4 Rc4 49.Rxc4 Nxc4 50.Re4 Rc7 51.Rxf4+ Kg7 52.Nf5+ Kg6 53.Kh2 b6 54.
axb6 Nxb6 55.Nd6 Rc2 56.Rd4 Rc6 57.Kg3 Rc2 58.Nb7 Nc4 59.Nc5 a5 60.bxa5 
Nxa5 61.Rd6+ Kf7 62.Ne4 Nc4 63.Ng5+ Kg8 64.Re6 Nd2 65.Kf4 Nc4 66.g4 Rf2+ 
67.Kg3 Rb2 68.Kh4 Rb6 69.Re8+ Kg7 70.Re7+ Kg8 71.Rxh7 Ne5 72.Rc7 Ng6+ 73.
Kg3 Rb3+ 74.Kf2 Nf4 75.h4 Nd3+ 76.Kg2 Ne5 77.Ne6 Rb6 78.Rc8+ Kf7 79.Nd8+ 
Kg6 80.Rc5 Rb2+ 81.Kf1 Rb1+ 82.Ke2 Rb2+ 83.Kd1 Nf3 84.h5+ Kh7 85.Rc7+ Kg8 
86.Ne6 Rb6 87.Rg7+ Kh8 88.Re7 Rd6+ 89.Kc1 Rc6+ 90.Kb2 Rb6+ 91.Kc3 Rb5 92.
Rf7 Ng5 93.Nxg5 Rxg5 94.Rf4 Kg7 95.Kd4 Ra5 96.Ke4 Ra4+ 97.Kf3 Ra3+ 98.Kg2 
Kh6 99.Rf6+ Kg7 100.Rf3 Ra4 101.Kg3 Ra5 102.Kh4 Kh6 103.Rf6+ Kg7 104.Rb6 
Ra4 105.h6+ Kh7 106.Kh5 Ra5+ 107.g5 Rc5 108.Rb7+ Kh8 109.Rf7 Kg8 110.Rf6 
Kh7 111.Kg4 Rc4+ 112.Rf4 Rc7 113.Re4 Ra7 114.Re5 Ra1 115.Re7+ Kg8 116.Kf5 
Ra5+ 117.Kf6 1-0

[Event "15th EUR-ch (w)"]
[Site "Plovdiv BUL"]
[Date "2014.07.07"]
[Round "2.4"]
[White "Cosma, Elena-Luminita"]
[Black "Girya, Olga"]
[Result "0-1"]
[WhiteElo "2344"]
[BlackElo "2493"]
[EventDate "2014.07.06"]
[PlyCount "82"]

1.d4 Nf6 2.Nf3 d5 3.c4 c6 4.Nbd2 Bf5 5.Nh4 Be6 6.e3 g5 7.Nhf3 g4 8.Ne5 
Nbd7 9.cxd5 cxd5 10.Nb3 Nxe5 11.dxe5 Nd7 12.Nd4 Qb6 13.a4 Nxe5 14.a5 Qd6 
15.a6 b6 16.Bd2 Bg7 17.Bb5+ Kf8 18.Rc1 Bd7 19.O-O Rg8 20.Kh1 Bxb5 21.Nxb5 
Qd7 22.Nc7 Rd8 23.Bb4 Bf6 24.Qe2 Rc8 25.Nb5 Rc4 26.Rxc4 dxc4 27.Nd4 Nd3 
28.Bc3 Bxd4 29.Bxd4 e5 30.Bc3 b5 31.e4 Rg6 32.Ra1 Rf6 33.Qe3 Nxf2+ 34.Kg1 
Nd3 35.Rf1 Rxa6 36.g3 b4 37.Bxb4+ Nxb4 38.Qc5+ Qd6 39.Qc8+ Kg7 40.Qxg4+ 
Qg6 41.Qd7 Rf6 0-1

[Event "15th EUR-ch (w)"]
[Site "Plovdiv BUL"]
[Date "2014.07.07"]
[Round "2.6"]
[White "Videnova, Iva"]
[Black "Javakhishvili, Lela"]
[Result "1/2-1/2"]
[WhiteElo "2315"]
[BlackElo "2474"]
[EventDate "2014.07.06"]
[PlyCount "97"]

1.e4 c5 2.Nf3 e6 3.d4 cxd4 4.Nxd4 Nf6 5.Nc3 d6 6.g4 e5 7.Nf5 h5 8.g5 Nxe4 
9.Nxg7+ Bxg7 10.Nxe4 d5 11.Nf6+ Bxf6 12.gxf6 Bg4 13.f3 Bf5 14.Bd3 Qxf6 15.
Bxf5 Qxf5 16.Qxd5 Nc6 17.Be3 Rd8 18.Qe4 Qxe4 19.fxe4 Rg8 20.Kf2 Rg4 21.
Rag1 Rxe4 22.Rg5 h4 23.b3 f6 24.Rg8+ Kf7 25.Rxd8 Nxd8 26.Rd1 Nc6 27.Rd7+ 
Ke6 28.Rxb7 Rg4 29.Rh7 e4 30.h3 Rg8 31.Rxh4 Ke5 32.Bf4+ Kf5 33.Ke3 Ne7 34.
Rh5+ Kg6 35.Ra5 Re8 36.c4 Nf5+ 37.Ke2 Rh8 38.c5 Rxh3 39.Ra4 Rh4 40.Bb8 Rh8
41.Bc7 Rc8 42.Bd6 Rc6 43.Rxe4 Nxd6 44.cxd6 Rxd6 45.Ra4 Rd7 46.Kf3 Kg5 47.
Rg4+ Kf5 48.Rf4+ Ke5 49.Re4+ 1/2-1/2

[Event "15th EUR-ch (w)"]
[Site "Plovdiv BUL"]
[Date "2014.07.07"]
[Round "2.7"]
[White "Socko, Monika"]
[Black "Kulon, Klaudia"]
[Result "1-0"]
[WhiteElo "2462"]
[BlackElo "2341"]
[EventDate "2014.07.06"]
[PlyCount "71"]

1.e4 c5 2.Nf3 d6 3.d4 cxd4 4.Qxd4 a6 5.c4 Nf6 6.h3 g6 7.Nc3 Bg7 8.Be2 O-O 
9.O-O b6 10.Qe3 Nbd7 11.Rb1 Nc5 12.e5 dxe5 13.Nxe5 Bb7 14.Bf3 Bxf3 15.Qxf3
Qd4 16.Nc6 Qxc4 17.Nxe7+ Kh8 18.Be3 Nd3 19.Bxb6 Rab8 20.Rfd1 Rxb6 21.Rxd3 
Re6 22.b3 Qc5 23.Ned5 Nxd5 24.Nxd5 Qc2 25.Rbd1 Qxa2 26.Nc7 Rf6 27.Qe3 h5 
28.Rd7 Kh7 29.Re7 Bh6 30.Qd4 Rf4 31.Qb6 Bg7 32.Qe3 Rb4 33.Ne6 Rg8 34.Ng5+ 
Kh8 35.Nxf7+ Kh7 36.Qh6+ 1-0

[Event "15th EUR-ch (w)"]
[Site "Plovdiv BUL"]
[Date "2014.07.07"]
[Round "2.9"]
[White "Danielian, Elina"]
[Black "Kursova, Maria"]
[Result "1-0"]
[WhiteElo "2458"]
[BlackElo "2331"]
[EventDate "2014.07.06"]
[PlyCount "69"]

1.Nf3 c5 2.c4 Nc6 3.Nc3 e5 4.e3 f5 5.d4 e4 6.d5 exf3 7.dxc6 dxc6 8.Qxd8+ 
Kxd8 9.gxf3 Nf6 10.Rg1 Be6 11.e4 Ke7 12.Bf4 Kf7 13.O-O-O Be7 14.Bd3 g6 15.
Be5 Rhg8 16.Ne2 Nd7 17.Bg3 fxe4 18.fxe4 b5 19.cxb5 c4 20.Bc2 cxb5 21.Nd4 
b4 22.Nxe6 Kxe6 23.f4 Nf6 24.b3 Bc5 25.Rgf1 c3 26.e5 Ng4 27.f5+ Ke7 28.
Bh4+ g5 29.f6+ Kf8 30.Be4 Be3+ 31.Kc2 gxh4 32.Bxa8 Bd2 33.e6 Ne3+ 34.Kd3 
Nxf1 35.e7+ 1-0

[Event "15th EUR-ch (w)"]
[Site "Plovdiv BUL"]
[Date "2014.07.07"]
[Round "2.10"]
[White "Sandu, Mihaela"]
[Black "Pahtz, Elisabeth"]
[Result "0-1"]
[WhiteElo "2308"]
[BlackElo "2456"]
[EventDate "2014.07.06"]
[PlyCount "52"]

1.e4 e6 2.d4 d5 3.Nc3 Nf6 4.Bg5 Be7 5.e5 Nfd7 6.h4 h6 7.Be3 c5 8.Qg4 g6 9.
Nf3 Nc6 10.O-O-O c4 11.Bxc4 dxc4 12.d5 exd5 13.Rxd5 Nb4 14.Rdd1 Qa5 15.e6 
Nf6 16.exf7+ Kxf7 17.Qg3 Bf5 18.h5 Nxa2+ 19.Nxa2 Qxa2 20.hxg6+ Kg8 21.Rd4 
c3 22.Kd1 cxb2 23.Ke2 b1=Q 24.Rxb1 Qxb1 25.Qe5 Qxc2+ 26.Nd2 Re8 0-1

[Event "15th EUR-ch (w)"]
[Site "Plovdiv BUL"]
[Date "2014.07.07"]
[Round "2.11"]
[White "Melia, Salome"]
[Black "Ovod, Evgenia"]
[Result "1-0"]
[WhiteElo "2454"]
[BlackElo "2330"]
[EventDate "2014.07.06"]
[PlyCount "61"]

1.e4 e5 2.Nf3 Nc6 3.Bb5 Nf6 4.O-O Bc5 5.Nxe5 Nxe4 6.Qe1 Nxe5 7.d4 Qe7 8.
dxc5 Nxc5 9.Nc3 c6 10.b4 Na6 11.f4 cxb5 12.fxe5 Qxb4 13.Qg3 g6 14.Bh6 d5 
15.exd6 Be6 16.d7+ Kxd7 17.Rfd1+ Kc8 18.Rab1 Qc5+ 19.Kh1 Rd8 20.Bg5 Rd7 
21.Ne4 Qc7 22.Nd6+ Kb8 23.Bf4 Qc6 24.Nxb5+ Kc8 25.Nd6+ Rxd6 26.Rxd6 Qc4 
27.Rbd1 b6 28.Rd8+ Kb7 29.Qf3+ Qc6 30.R1d7+ Bxd7 31.Rxd7+ 1-0

[Event "15th EUR-ch (w)"]
[Site "Plovdiv BUL"]
[Date "2014.07.07"]
[Round "2.12"]
[White "Zhukova, Natalia"]
[Black "Nikolova, Adriana"]
[Result "1-0"]
[WhiteElo "2451"]
[BlackElo "2303"]
[EventDate "2014.07.06"]
[PlyCount "85"]

1.d4 Nf6 2.c4 c5 3.Nf3 cxd4 4.Nxd4 e5 5.Nb5 d5 6.cxd5 Bc5 7.e3 O-O 8.N5c3 
e4 9.Be2 Qe7 10.a3 Rd8 11.b4 Bd6 12.Bb2 a5 13.b5 Be5 14.Qc2 Bf5 15.Nd2 
Nxd5 16.Nxd5 Rxd5 17.Nc4 Bxb2 18.Qxb2 Nd7 19.O-O Be6 20.Rfd1 Qc5 21.Nd2 
Nf6 22.Rac1 Qe7 23.Nc4 Rg5 24.Qd4 Rd5 25.Qb2 Rg5 26.Qd4 Rd5 27.Qb6 Rxd1+ 
28.Rxd1 Bxc4 29.Bxc4 a4 30.h3 h6 31.Rd4 Rc8 32.Qa7 Qxa3 33.Bxf7+ Kf8 34.
Be6 Qc1+ 35.Kh2 Qc7+ 36.g3 Re8 37.Bc4 Nd7 38.Qxa4 Nc5 39.Qa7 Nd7 40.Bd5 
Qc2 41.Kg2 Nf6 42.Qa3+ Re7 43.Bc4 1-0

[Event "15th EUR-ch (w)"]
[Site "Plovdiv BUL"]
[Date "2014.07.07"]
[Round "2.13"]
[White "Mkrtchian, Lilit"]
[Black "Ambartsumova, Karina"]
[Result "1-0"]
[WhiteElo "2446"]
[BlackElo "2301"]
[EventDate "2014.07.06"]
[PlyCount "75"]

1.c4 Nf6 2.Nf3 e6 3.g3 d5 4.Bg2 d4 5.e3 c5 6.O-O Nc6 7.exd4 cxd4 8.d3 Bd6 
9.Bg5 h6 10.Bxf6 Qxf6 11.Nbd2 Qe7 12.Re1 O-O 13.a3 a5 14.Nb3 Qf6 15.c5 Bc7
16.Rc1 e5 17.Nfd2 Qd8 18.Nc4 Re8 19.Nbd2 f5 20.b4 axb4 21.axb4 e4 22.dxe4 
d3 23.Qb3 f4 24.b5 Nd4 25.Qxd3 Bg4 26.Nd6 Bxd6 27.Qxd4 Bxc5 28.Qxd8 Rexd8 
29.Rxc5 Rxd2 30.gxf4 Ra5 31.e5 b6 32.Rd5 Rb2 33.Rd8+ Kf7 34.Bd5+ Ke7 35.
Rb8 Raxb5 36.Rb7+ Kf8 37.e6 Bxe6 38.Bxe6 1-0

[Event "15th EUR-ch (w)"]
[Site "Plovdiv BUL"]
[Date "2014.07.07"]
[Round "2.14"]
[White "Sedina, Elena"]
[Black "Arabidze, Meri"]
[Result "1/2-1/2"]
[WhiteElo "2288"]
[BlackElo "2406"]
[EventDate "2014.07.06"]
[PlyCount "140"]

1.e4 c5 2.Nf3 e6 3.c3 d5 4.exd5 exd5 5.d4 Nc6 6.Bb5 Bd6 7.dxc5 Bxc5 8.O-O 
Ne7 9.Nbd2 O-O 10.Nb3 Bd6 11.Bd3 h6 12.h3 Nf5 13.Re1 Bc7 14.Bc2 Qd6 15.Qd3
g6 16.Qd1 h5 17.Bg5 f6 18.Be3 Rd8 19.Bc5 Qf4 20.Qc1 Qxc1 21.Raxc1 b6 22.
Ba3 Be5 23.Nbd4 Ncxd4 24.Nxd4 Bxd4 25.cxd4 Nxd4 26.Bxg6 Bf5 27.Bxh5 Nc2 
28.Be7 Nxe1 29.Rxe1 Rd7 30.Bxf6 d4 31.Re5 Bc2 32.Bg4 Rd6 33.Be7 Rg6 34.Rd5
Re8 35.Bb4 a5 36.Bd2 Rxg4 37.hxg4 d3 38.Be3 b5 39.Kf1 b4 40.Ke1 a4 41.Kd2 
Rc8 42.Rc5 Rb8 43.Bf4 Re8 44.Be5 Re6 45.g5 Ra6 46.f4 a3 47.bxa3 Rxa3 48.g6
Ra8 49.Rb5 Bb1 50.Rxb4 Bxa2 51.Kxd3 Rd8+ 52.Ke3 Be6 53.Rb7 Bf5 54.Rg7+ Kf8
55.Rf7+ Kg8 56.Rg7+ Kf8 57.g4 Bxg4 58.Rf7+ Kg8 59.Rg7+ Kf8 60.Rh7 Rc8 61.
Rh8+ Ke7 62.Rxc8 Bxc8 63.Ke4 Bb7+ 64.Kf5 Bd5 65.Kg5 Ke6 66.f5+ Kxe5 67.f6 
Ke6 68.f7 Ke7 69.Kh6 Bxf7 70.gxf7 Kxf7 1/2-1/2

[Event "15th EUR-ch (w)"]
[Site "Plovdiv BUL"]
[Date "2014.07.07"]
[Round "2.15"]
[White "Guramishvili, Sopiko"]
[Black "Golubenko, Valentina"]
[Result "1/2-1/2"]
[WhiteElo "2402"]
[BlackElo "2292"]
[EventDate "2014.07.06"]
[PlyCount "110"]

1.d4 Nf6 2.c4 c5 3.d5 g6 4.Nc3 Bg7 5.Nf3 d6 6.g3 O-O 7.Bg2 a6 8.a4 e6 9.
O-O exd5 10.cxd5 Re8 11.Bf4 h6 12.Nd2 g5 13.Be3 Nbd7 14.Nc4 Nb6 15.Nxb6 
Qxb6 16.Qc2 Ng4 17.Bd2 Ne5 18.a5 Qd8 19.Na4 Bg4 20.f3 Bd7 21.Nb6 Rb8 22.
Nxd7 Qxd7 23.Bc3 Qb5 24.e4 Qd3 25.Qc1 Nc4 26.Bxg7 Kxg7 27.Kh1 b5 28.f4 Qd2
29.Qxd2 Nxd2 30.Rfe1 Nb3 31.Rad1 f6 32.Re2 c4 33.Rde1 Nc5 34.Rf1 Nd3 35.
Bh3 b4 36.Bf5 Re7 37.Rc2 b3 38.Rxc4 Nxb2 39.Rc6 Na4 40.Rxd6 b2 41.e5 Reb7 
42.fxg5 hxg5 43.Bb1 Nc3 44.Rdxf6 Nxb1 45.Rxb1 Rb5 46.Rf2 Rxd5 47.Rbxb2 
Rxb2 48.Rxb2 Rxa5 49.Re2 Kf7 50.e6+ Ke7 51.Kg2 g4 52.h3 gxh3+ 53.Kxh3 Rh5+
54.Kg4 Rh6 55.Ra2 Rxe6 1/2-1/2

[Event "15th EUR-ch (w)"]
[Site "Plovdiv BUL"]
[Date "2014.07.07"]
[Round "2.16"]
[White "Galoian, Lilit"]
[Black "Zawadzka, Jolanta"]
[Result "1/2-1/2"]
[WhiteElo "2277"]
[BlackElo "2397"]
[EventDate "2014.07.06"]
[PlyCount "104"]

1.c4 e5 2.Nc3 Nf6 3.g3 c6 4.d4 e4 5.Bg5 d5 6.cxd5 cxd5 7.Bxf6 gxf6 8.Qb3 
Be6 9.e3 Qd7 10.Nge2 Bh6 11.Nf4 Bxf4 12.gxf4 Nc6 13.f5 Bxf5 14.Qxd5 Rg8 
15.Rc1 Rc8 16.Kd2 a6 17.Be2 Ne7 18.Qxd7+ Kxd7 19.Rhg1 Bg6 20.Bd1 f5 21.Be2
Kd6 22.h4 h5 23.f3 Rgd8 24.Rcf1 Ke6 25.fxe4 fxe4 26.Rf4 Nd5 27.Nxd5 Rxd5 
28.Bd1 Rf5 29.Rxf5 Kxf5 30.Rg5+ Kf6 31.Re5 Bf5 32.Bxh5 Rh8 33.Bxf7 Rxh4 
34.Bd5 Rh2+ 35.Kc3 Re2 36.Bxb7 Rxe3+ 37.Kc4 Re2 38.Kc3 Re3+ 39.Kc4 Re2 40.
Bxa6 Rxb2 41.a4 Kg5 42.a5 Kf4 43.Kc5 Ra2 44.Kb6 e3 45.Re7 Be4 46.Rf7+ Kg3 
47.Rg7+ Kf4 48.Rf7+ Kg3 49.Rf1 Rb2+ 50.Kc5 Ra2 51.Kb6 Rb2+ 52.Kc5 Ra2 
1/2-1/2

[Event "15th EUR-ch (w)"]
[Site "Plovdiv BUL"]
[Date "2014.07.07"]
[Round "2.17"]
[White "Foisor, Cristina"]
[Black "Fuchs, Judith"]
[Result "1-0"]
[WhiteElo "2383"]
[BlackElo "2280"]
[EventDate "2014.07.06"]
[PlyCount "79"]

1.c4 e5 2.Nc3 Nf6 3.Nf3 Nc6 4.d4 exd4 5.Nxd4 Bb4 6.e3 O-O 7.Be2 Ne4 8.Qc2 
Re8 9.O-O Nxc3 10.bxc3 Bf8 11.Rb1 d6 12.Nxc6 bxc6 13.Bf3 Bd7 14.Qa4 c5 15.
Qa6 Rb8 16.Rb3 Rxb3 17.axb3 Qb8 18.Qa2 Qb6 19.Bd2 Rb8 20.b4 cxb4 21.cxb4 
g6 22.Bd5 Be6 23.Bxe6 fxe6 24.Qa4 c6 25.h4 d5 26.cxd5 exd5 27.Rc1 Rc8 28.
h5 Qc7 29.b5 c5 30.Qg4 Rb8 31.hxg6 hxg6 32.Qxg6+ Qg7 33.Qe6+ Qf7 34.Qg4+ 
Qg7 35.Qf3 Rd8 36.Bc3 Qg6 37.Be5 c4 38.Rd1 Qf7 39.Qg3+ Bg7 40.Rd4 1-0

[Event "15th EUR-ch (w)"]
[Site "Plovdiv BUL"]
[Date "2014.07.07"]
[Round "2.18"]
[White "Gaponenko, Inna"]
[Black "Ibrahimova, Sabina"]
[Result "1/2-1/2"]
[WhiteElo "2380"]
[BlackElo "2218"]
[EventDate "2014.07.06"]
[PlyCount "94"]

1.e4 c5 2.Nf3 Nc6 3.d4 cxd4 4.Nxd4 g6 5.Nc3 Bg7 6.Be3 Nf6 7.Bc4 O-O 8.Bb3 
d6 9.f3 Nxd4 10.Bxd4 Be6 11.Qd2 Qa5 12.O-O-O b5 13.Kb1 b4 14.Nd5 Bxd5 15.
exd5 Qb5 16.Qd3 Qxd3 17.Rxd3 Rfc8 18.Re1 Rc7 19.c3 a5 20.cxb4 axb4 21.Rdd1
Bh6 22.Bxf6 exf6 23.Rd4 f5 24.f4 Rb8 25.g3 Bg7 26.Rdd1 Bf6 27.Ba4 Rc4 28.
Rc1 Rxc1+ 29.Rxc1 Bd4 30.Rd1 Bc5 31.Kc2 Kg7 32.Kb3 Kf6 33.Bc6 h5 34.h4 Bf2
35.Rd3 Ke7 36.Kc4 Rb6 37.Rf3 Bc5 38.Rd3 Ra6 39.Kb3 Ra7 40.Rd2 Kf6 41.Re2 
Re7 42.Rxe7 Kxe7 43.Bb5 Kd8 44.Bf1 Kc7 45.Bb5 Kd8 46.Bf1 Kc7 47.Bb5 Kd8 
1/2-1/2

[Event "15th EUR-ch (w)"]
[Site "Plovdiv BUL"]
[Date "2014.07.07"]
[Round "2.19"]
[White "Mamedyarova, Turkan"]
[Black "Schleining, Zoya"]
[Result "1/2-1/2"]
[WhiteElo "2205"]
[BlackElo "2376"]
[EventDate "2014.07.06"]
[PlyCount "126"]

1.e4 Nf6 2.Nc3 e5 3.Nf3 Nc6 4.d4 Bb4 5.d5 Ne7 6.Qd3 Ng6 7.Bd2 O-O 8.h3 d6 
9.g4 Nf4 10.Bxf4 exf4 11.Nd2 Nd7 12.Qc4 a5 13.Nf3 Re8 14.O-O-O Ne5 15.Nxe5
Rxe5 16.Bg2 Bd7 17.Kb1 Bc5 18.Qe2 Qh4 19.Rd2 Rae8 20.a3 g6 21.Qf3 g5 22.
Bf1 Kg7 23.Rh2 R8e7 24.Ka2 f6 25.Be2 Be8 26.Bd3 Bg6 27.Rh1 Re8 28.Bb5 R8e7
29.Bd3 c6 30.Qg2 Bf7 31.b3 Bd4 32.Nd1 cxd5 33.Bf1 f3 34.Qxf3 dxe4 35.Qe2 
Bc5 36.Ne3 Bxe3 37.Qxe3 d5 38.a4 h5 39.Rg1 hxg4 40.hxg4 Qh2 41.Rg3 Qh8 42.
Rh3 Qc8 43.f4 exf3 44.Qxf3 Re3 45.Qh1 Rxh3 46.Qxh3 Re8 47.Bb5 Rh8 48.Qf3 
Qc7 49.Rf2 Qd6 50.Qc3 Rh2 51.Rxh2 Qxh2 52.Bd3 b6 53.Qc6 Qf2 54.Qd7 Qc5 55.
Kb1 Qe3 56.Bf5 Qe5 57.Ka2 d4 58.Kb1 Qd5 59.Qc7 Qc5 60.Qd7 Qe5 61.Ka2 Qd5 
62.Qc7 Qc5 63.Qd7 Qd5 1/2-1/2

[Event "15th EUR-ch (w)"]
[Site "Plovdiv BUL"]
[Date "2014.07.07"]
[Round "2.20"]
[White "Charochkina, Daria"]
[Black "Mammadzada, Gunay"]
[Result "1/2-1/2"]
[WhiteElo "2375"]
[BlackElo "2182"]
[EventDate "2014.07.06"]
[PlyCount "70"]

1.d4 d5 2.c4 c6 3.Nc3 Nf6 4.Nf3 dxc4 5.a4 Bf5 6.Nh4 Bd7 7.e3 e6 8.Bxc4 c5 
9.Nf3 Nc6 10.d5 exd5 11.Nxd5 Be6 12.e4 Nxe4 13.O-O Qd7 14.Bg5 Nxg5 15.Nxg5
O-O-O 16.Nxe6 fxe6 17.Nf4 Qxd1 18.Raxd1 Rd4 19.Rxd4 Nxd4 20.Nxe6 Nxe6 21.
Bxe6+ Kc7 22.Rd1 Bd6 23.g3 Re8 24.Bc4 Re4 25.b3 Be5 26.Rd5 Bd4 27.Rf5 Re7 
28.Kg2 a6 29.Rf8 Kc6 30.Rc8+ Kd7 31.Rf8 Kc6 32.Rc8+ Kd7 33.Rf8 Kc6 34.Rc8+
Kd7 35.Rf8 Kc6 1/2-1/2

[Event "15th EUR-ch (w)"]
[Site "Plovdiv BUL"]
[Date "2014.07.07"]
[Round "2.21"]
[White "Tsolakidou, Stavroula"]
[Black "Szczepkowska-Horowska, Karina"]
[Result "0-1"]
[WhiteElo "2157"]
[BlackElo "2369"]
[EventDate "2014.07.06"]
[PlyCount "110"]

1.e4 g6 2.d4 Bg7 3.Nc3 d6 4.f4 a6 5.Nf3 b5 6.Bd3 Bb7 7.e5 Nh6 8.Qe2 O-O 9.
a4 b4 10.Ne4 a5 11.c3 bxc3 12.bxc3 Nd7 13.O-O Nb6 14.Neg5 Bc6 15.f5 Nxf5 
16.Bxf5 gxf5 17.Nxh7 dxe5 18.Nxf8 Qxf8 19.dxe5 Bd5 20.Rd1 Qe8 21.Qf2 Bb3 
22.Rd4 Qc6 23.Bg5 Re8 24.Rh4 Qg6 25.Be3 Bd5 26.Rh3 Nc4 27.Rg3 Qh5 28.Rg5 
Qh7 29.Bd4 e6 30.Qg3 Rb8 31.h3 Rb2 32.Rf1 Qh6 33.Rf2 Rb1+ 34.Rf1 Rb2 35.
Rf2 Rb1+ 36.Kh2 Kh8 37.Re2 Rd1 38.h4 Qh7 39.Re1 Bxf3 40.gxf3 f4 41.Qxf4 
Rxe1 42.Kh3 Rh1+ 43.Kg3 Qc2 44.Bf2 Rf1 45.Qd4 Qd2 46.Qa7 Bxe5+ 47.Kg4 Qf4+
48.Kh5 Qxf3+ 49.Rg4 Qf5+ 50.Rg5 Qh7+ 51.Kg4 Qe4+ 52.Kh5 Bg7 53.Qb8+ Kh7 
54.Bd4 Qf3+ 55.Rg4 f5 0-1

[Event "15th EUR-ch (w)"]
[Site "Plovdiv BUL"]
[Date "2014.07.07"]
[Round "2.22"]
[White "Nevioselaya, Maria"]
[Black "Bulmaga, Irina"]
[Result "1/2-1/2"]
[WhiteElo "2039"]
[BlackElo "2357"]
[EventDate "2014.07.06"]
[PlyCount "119"]

1.e4 c5 2.Nf3 d6 3.d4 cxd4 4.Qxd4 Nc6 5.Bb5 Bd7 6.Bxc6 Bxc6 7.Nc3 Nf6 8.
Bg5 e6 9.O-O-O Be7 10.Qd3 Qa5 11.h4 h6 12.Bxf6 Bxf6 13.Nd4 Qb6 14.Nxc6 
bxc6 15.Qxd6 Rd8 16.Qa3 Qxf2 17.Rxd8+ Bxd8 18.Qd6 Qb6 19.Rd1 Qc7 20.h5 Qc8
21.Qc5 Qa6 22.Qb4 Qb6 23.Qd6 Bg5+ 24.Kb1 Qb7 25.Na4 Be7 26.Nc5 Bxd6 27.
Nxb7 Bc7 28.Nc5 Bb6 29.Nd7 Bc7 30.Nc5 O-O 31.b4 Bb6 32.Nb3 Rb8 33.c4 a5 
34.bxa5 Bxa5 35.Rd6 c5 36.Kb2 Be1 37.Rc6 Bf2 38.a3 Kf8 39.Ka2 Rd8 40.a4 
Ke7 41.Nxc5 Rd2+ 42.Kb3 Bxc5 43.Rxc5 Kd6 44.Rb5 Rxg2 45.a5 Rg1 46.Kc3 Rc1+
47.Kd4 Rd1+ 48.Kc3 Rc1+ 49.Kd3 Rd1+ 50.Kc2 Ra1 51.Kb2 Ra4 52.e5+ Kc6 53.
Kc3 Ra1 54.Rb6+ Kc5 55.Rb5+ Kc6 56.Rb6+ Kc5 57.Rb5+ Kc6 58.Rb6+ Kc5 59.
Rb5+ Kc6 60.Rb6+ 1/2-1/2

[Event "15th EUR-ch (w)"]
[Site "Plovdiv BUL"]
[Date "2014.07.07"]
[Round "2.23"]
[White "Soyunlu, Narmin"]
[Black "Kashlinskaya, Alina"]
[Result "0-1"]
[WhiteElo "1936"]
[BlackElo "2441"]
[EventDate "2014.07.06"]
[PlyCount "68"]

1.d4 Nf6 2.c4 g6 3.g3 Bg7 4.Bg2 O-O 5.Nc3 d6 6.e3 Nbd7 7.Nge2 e5 8.b3 Re8 
9.Ba3 exd4 10.Nxd4 a6 11.O-O Rb8 12.Bb2 Ne5 13.a4 Bg4 14.f3 Bd7 15.e4 c6 
16.f4 Neg4 17.Qd2 c5 18.Nf3 Nxe4 19.Nxe4 Bxb2 20.Nxd6 Bxa1 21.Nxe8 Bh8 22.
Nd6 Bc6 23.Kh1 Bd4 24.Nxd4 Bxg2+ 25.Kxg2 Qxd6 26.h3 cxd4 27.hxg4 Rd8 28.
Re1 Qc6+ 29.Kf2 d3 30.Re3 Qb6 31.b4 Qd4 32.c5 a5 33.bxa5 Qxc5 34.Kg2 Qxe3 
0-1

[Event "15th EUR-ch (w)"]
[Site "Plovdiv BUL"]
[Date "2014.07.07"]
[Round "2.24"]
[White "Gunina, Valentina"]
[Black "Olsarova, Tereza"]
[Result "1-0"]
[WhiteElo "2501"]
[BlackElo "2251"]
[EventDate "2014.07.06"]
[PlyCount "36"]

1.Nf3 d5 2.g3 c6 3.Bg2 Bf5 4.O-O e6 5.c4 dxc4 6.Na3 Bxa3 7.bxa3 Qf6 8.d4 
cxd3 9.exd3 Nd7 10.Rb1 Nc5 11.Bb2 Qh6 12.Bd4 Nxd3 13.Rxb7 Rd8 14.Qa4 Ne7 
15.Ne5 O-O 16.Rxe7 Nxe5 17.Bxe5 Bd3 18.Re1 Qg5 1-0

[Event "15th EUR-ch (w)"]
[Site "Plovdiv BUL"]
[Date "2014.07.07"]
[Round "2.25"]
[White "Hoang Thanh Trang"]
[Black "Ionescu, Irina"]
[Result "1-0"]
[WhiteElo "2490"]
[BlackElo "2253"]
[EventDate "2014.07.06"]
[PlyCount "97"]

1.d4 d5 2.Nf3 Nf6 3.c4 dxc4 4.e3 e6 5.Bxc4 a6 6.O-O Nbd7 7.Nbd2 c5 8.e4 b5
9.Bd3 cxd4 10.e5 Nd5 11.Nb3 Bb7 12.Bg5 Be7 13.Bxe7 Nxe7 14.Re1 Ng6 15.Be4 
Qb6 16.Bxb7 Qxb7 17.Qxd4 O-O 18.Rac1 Rfd8 19.Na5 Qb6 20.Nc6 Qxd4 21.Nfxd4 
Rdc8 22.f4 Nb6 23.g3 Nd5 24.Kf2 Nge7 25.Rc2 Kf8 26.Rec1 Ke8 27.a3 Kd7 28.
Kf3 g6 29.Ke4 h5 30.Nxe7 Nxe7 31.Nb3 Rxc2 32.Rxc2 Ra7 33.Kd3 Nd5 34.Nc5+ 
Ke7 35.Ne4 h4 36.Nd6 Rc7 37.Rxc7+ Nxc7 38.Kd4 Nd5 39.Ne4 hxg3 40.hxg3 f6 
41.exf6+ Nxf6 42.Nxf6 Kxf6 43.g4 g5 44.fxg5+ Kxg5 45.Ke5 Kxg4 46.Kxe6 Kf4 
47.Kd5 Ke3 48.Kc5 Kd3 49.b4 1-0

[Event "15th EUR-ch (w)"]
[Site "Plovdiv BUL"]
[Date "2014.07.07"]
[Round "2.26"]
[White "Kosintseva, Tatiana"]
[Black "Petrenko, Svetlana"]
[Result "1/2-1/2"]
[WhiteElo "2476"]
[BlackElo "2183"]
[EventDate "2014.07.06"]
[PlyCount "91"]

1.e4 c5 2.Nf3 d6 3.d4 Nf6 4.Nc3 cxd4 5.Nxd4 a6 6.Be3 Ng4 7.Bg5 h6 8.Bh4 g5
9.Bg3 Bg7 10.h3 Ne5 11.f3 Nbc6 12.Bf2 Nxd4 13.Bxd4 Be6 14.Be2 Rc8 15.O-O 
O-O 16.f4 Nc4 17.Bxg7 Kxg7 18.Bxc4 Qb6+ 19.Rf2 Bxc4 20.fxg5 hxg5 21.b3 Be6
22.Nd5 Bxd5 23.exd5 Rc3 24.Qd2 Qe3 25.Re1 Qxd2 26.Rxd2 Re8 27.Re4 b5 28.a4
f6 29.axb5 axb5 30.Rde2 Kf7 31.h4 gxh4 32.Rxh4 Kg6 33.Rhe4 Kf7 34.Kf2 Rc7 
35.Ke1 Rec8 36.Kd1 Ra7 37.Kd2 Rc5 38.Rd4 Ra1 39.b4 Ra4 40.Ree4 Rc7 41.Re2 
Ra1 42.Rh4 Kg6 43.Rg4+ Kf7 44.Rh4 Kg6 45.Rg4+ Kf7 46.Rh4 1/2-1/2

[Event "15th EUR-ch (w)"]
[Site "Plovdiv BUL"]
[Date "2014.07.07"]
[Round "2.27"]
[White "Goriachkina, Alexandra"]
[Black "Mirzoeva, Elmira"]
[Result "1-0"]
[WhiteElo "2434"]
[BlackElo "2241"]
[EventDate "2014.07.06"]
[PlyCount "127"]

1.d4 d5 2.c4 c6 3.cxd5 cxd5 4.Nc3 Nf6 5.Bf4 Nc6 6.e3 a6 7.Bd3 Bg4 8.Nge2 
e6 9.O-O Bh5 10.Rc1 Be7 11.Na4 Bg6 12.a3 Nd7 13.Bxg6 hxg6 14.Bg3 O-O 15.
Nf4 Rc8 16.b4 Bh4 17.Bxh4 Qxh4 18.Nc5 Nxc5 19.bxc5 g5 20.Ne2 g6 21.f3 Kg7 
22.Qe1 Qxe1 23.Rfxe1 Na5 24.Nc3 Rfd8 25.Rb1 Rc7 26.Kf2 Kf6 27.e4 dxe4 28.
Nxe4+ Kg7 29.Nd6 b5 30.a4 bxa4 31.Ra1 Nb7 32.Nxb7 Rxb7 33.Rxa4 Kf6 34.Re2 
Rbd7 35.Ke3 a5 36.Rb2 Rd5 37.Rb6 Kg7 38.c6 Rc8 39.Rc4 Rd6 40.Ra6 a4 41.Rc5
Kf6 42.d5 exd5 43.Kd4 Rc7 44.Rc2 Ke7 45.Re2+ Re6 46.Rxe6+ fxe6 47.Kc5 d4 
48.Rxa4 e5 49.Ra8 d3 50.Ra3 g4 51.Rxd3 gxf3 52.gxf3 Ra7 53.Kb6 Ra2 54.h3 
Rb2+ 55.Ka7 g5 56.c7 Rc2 57.Kb7 Rb2+ 58.Kc8 Rb5 59.Rd7+ Ke8 60.Rg7 e4 61.
fxe4 Kf8 62.Kd8 Rc5 63.Rg6 Kf7 64.Rd6 1-0

[Event "15th EUR-ch (w)"]
[Site "Plovdiv BUL"]
[Date "2014.07.07"]
[Round "2.28"]
[White "Batsiashvili, Nino"]
[Black "Topel, Zehra"]
[Result "1-0"]
[WhiteElo "2417"]
[BlackElo "2170"]
[EventDate "2014.07.06"]
[PlyCount "93"]

1.d4 Nf6 2.c4 g6 3.Nc3 Bg7 4.e4 d6 5.Be2 O-O 6.Bg5 h6 7.Be3 e5 8.d5 Kh7 9.
h4 Ne8 10.h5 g5 11.g4 c5 12.Nh3 Bf6 13.f3 Bd7 14.O-O Qc8 15.a3 a5 16.Nf2 
Na6 17.Rb1 Bd8 18.Qd2 f6 19.Rfc1 Rf7 20.Nb5 b6 21.Nc3 Rb8 22.Nd3 Nec7 23.
b4 Na8 24.Nb5 Bxb5 25.cxb5 N6c7 26.Nb2 Ne8 27.Nc4 Ra7 28.Qe1 Bc7 29.Rb2 
Qd8 30.Rcb1 Kg7 31.Bd2 axb4 32.axb4 Kf7 33.Ra1 Rbb7 34.Ra6 Bb8 35.Ne3 Ng7 
36.Bc4 cxb4 37.Bxb4 Nc7 38.Rxa7 Rxa7 39.Bf1 Ke7 40.Rc2 Na8 41.Rc6 Bc7 42.
Qc3 Qb8 43.Nc4 Ra4 44.Bxd6+ Bxd6 45.Nxd6 Rd4 46.Qa3 Kd7 47.Nc8 1-0